MARC

LEADER 00000nam0a2200000 4500
001 271548
005 20231101234440.0
035 |a (RuTPU)RU\TPU\book\294749 
090 |a 271548 
100 |a 20141009d1987 k y0rusy50 ca 
101 0 |a rus 
102 |a RU 
105 |a a z 001zy 
200 1 |a Проблемы физической электроники-87  |e сборник научных трудов  |f Академия наук СССР (АН СССР), Физико-технический институт им. А. Ф. Иоффе (ФТИ) ; Ленинградский политехнический институт им. М. И. Калинина (ЛПИ) ; под ред. Н. Н. Петрова 
210 |a Ленинград  |c Изд-во ФТИ  |d 1987 
215 |a 177 с.  |c ил. 
320 |a Библиография в конце статей 
606 1 |a Электроника физическая  |x (электроника)  |2 stltpush  |3 (RuTPU)RU\TPU\subj\68671  |9 83861 
610 1 |a физика 
610 1 |a диагностика 
610 1 |a поверхности 
610 1 |a атомные частицы 
610 1 |a десорбция 
610 1 |a электронное возбуждение 
610 1 |a электронные потоки 
610 1 |a электрооптические затворы 
610 1 |a электроннооптическая модуляция 
610 1 |a гиротроны 
610 1 |a сильноточная электроника 
675 |a 621.38  |v 3 
702 1 |a Петров  |b Н. Н.  |4 340 
712 0 2 |a Академия наук СССР (АН СССР)  |b Физико-технический институт им. А. Ф. Иоффе (ФТИ)  |c (Ленинград)  |2 stltpush  |3 (RuTPU)RU\TPU\col\12056 
712 0 2 |a Ленинградский политехнический институт им. М. И. Калинина (ЛПИ)  |c (1924-1930, 1940-1990)  |2 stltpush  |3 (RuTPU)RU\TPU\col\2601 
801 1 |a RU  |b 63413507  |c 20141009 
801 2 |a RU  |b 63413507  |c 20161212  |g RCR 
942 |c BK